00952nam a2200169 a 450000100100000000500170001000800410002704000250006808200170009311101820011024501540029226000350044630000370048165000850051865000800060371000990068300002680420200930030424.0110325s1995 dr ad 000 0 spa d aDO-SdBNPbspacBNPHU a615.1bC749p2 aCongreso Nacional sobre Medicamentos : la empresa farmacéutica en ruta hacia el siglo XXI: calidad, desarrollo y globalizaciónn(4a. :d1995, ago. 31-2 sep.:cSanto Domingo)10aPonencias del IV Congreso Nacional sobre Medicamentos :bla empresa farmacéutica en ruta hacia el siglo XXI: calidad, desarrollo y globalización. aSanto Domingo :bARAPF,c1995. a101 p. :bil., gráf. ;c28 cm. 4aIndustria farmacéuticazRepública DominicanaxCongresos, conferencias , etc. 4aIndusria farmacéuticaxControl de calidadxCongresos, conferencias , etc.2 aAsociación de Representantes, Agentes y Productores Farmacéuticos (República Dominicana)